Carry me -Tayc - Statistiques

Statistiques générales
  • Ce quiz a été pris 73 fois
    72 depuis la dernière actualisation
  • Le résultat moyen est 126 sur 163
Statistiques - réponses
Réponse % Correct
je
95%
me
92%
tu
92%
Tu
92%
homme
87%
j'ai
87%
moi
87%
te
87%
toi
87%
froid
85%
la
85%
Mais
85%
mais
85%
que
85%
reste
85%
Sans
85%
tellement
85%
tout
85%
un
85%
ce
82%
de
82%
dois
82%
garder
82%
ne
82%
plus
82%
Plus
82%
des
79%
Dis
79%
dis
79%
Et
79%
il
79%
mot
79%
mots
79%
rester
79%
en
77%
mort
77%
qu'on
77%
va
77%
vers
77%
aucun
74%
disais
74%
si
74%
autre
72%
cacher
72%
c'est
72%
connais
72%
continuer
72%
fois
72%
jamais
72%
j'appelle
72%
Les
72%
même
72%
m'insulter
72%
Parle-moi
72%
parle-moi
72%
pour
72%
rappelle
72%
réponds
72%
sont
72%
trop
72%
une
72%
arrivés
69%
c'que
69%
crois-moi
69%
depuis
69%
Depuis
69%
détestes
69%
dire
69%
donnes
69%
lâche
69%
m'ignore
69%
niant
69%
nos
69%
doit
67%
l'homme
67%
regrets
67%
serait
67%
tard
67%
tombes
67%
creuser
64%
j'attends
64%
douleur
62%
J't'ai
62%
suis
62%
vu
62%
aujourd'hui
59%
pars
59%
plaît
59%
juste
56%
m'inonde
56%
n'reviendra
56%
qu'je
54%
s'te
54%
oui
23%
Aucun quiz correspondant
Distribution des résultats
% des personnes avec chaque résultat
Percentile par nombre de réponses
Votre historique - résultats
Vous n’avez pas pris ce quiz depuis la dernière actualisation